<?xml version="1.0" encoding="UTF-8"?><?xml-stylesheet type="text/xsl" href="static/style.xsl"?><OAI-PMH xmlns="http://www.openarchives.org/OAI/2.0/" xmlns:xsi="http://www.w3.org/2001/XMLSchema-instance" xsi:schemaLocation="http://www.openarchives.org/OAI/2.0/ http://www.openarchives.org/OAI/2.0/OAI-PMH.xsd"><responseDate>2026-04-27T21:42:13Z</responseDate><request verb="GetRecord" identifier="oai:uvadoc.uva.es:10324/3408" metadataPrefix="marc">https://uvadoc.uva.es/oai/request</request><GetRecord><record><header><identifier>oai:uvadoc.uva.es:10324/3408</identifier><datestamp>2025-05-07T09:22:18Z</datestamp><setSpec>com_10324_1138</setSpec><setSpec>com_10324_931</setSpec><setSpec>com_10324_894</setSpec><setSpec>col_10324_1226</setSpec></header><metadata><record xmlns="http://www.loc.gov/MARC21/slim" xmlns:doc="http://www.lyncode.com/xoai" xmlns:xsi="http://www.w3.org/2001/XMLSchema-instance" xmlns:dcterms="http://purl.org/dc/terms/" xsi:schemaLocation="http://www.loc.gov/MARC21/slim http://www.loc.gov/standards/marcxml/schema/MARC21slim.xsd">
<leader>00925njm 22002777a 4500</leader>
<datafield tag="042" ind1=" " ind2=" ">
<subfield code="a">dc</subfield>
</datafield>
<datafield tag="720" ind1=" " ind2=" ">
<subfield code="a">Martín Pedrosa, Miguel</subfield>
<subfield code="e">author</subfield>
</datafield>
<datafield tag="720" ind1=" " ind2=" ">
<subfield code="a">Cenizo Revuelta, Noelia María</subfield>
<subfield code="e">author</subfield>
</datafield>
<datafield tag="720" ind1=" " ind2=" ">
<subfield code="a">Gutíerrez Alonso, Vicente</subfield>
<subfield code="e">author</subfield>
</datafield>
<datafield tag="720" ind1=" " ind2=" ">
<subfield code="a">González Fajardo, José Antonio</subfield>
<subfield code="e">author</subfield>
</datafield>
<datafield tag="720" ind1=" " ind2=" ">
<subfield code="a">Vaquero Puerta, Carlos</subfield>
<subfield code="e">author</subfield>
</datafield>
<datafield tag="260" ind1=" " ind2=" ">
<subfield code="c">2013</subfield>
</datafield>
<datafield tag="520" ind1=" " ind2=" ">
<subfield code="a">Nous d ecrivons le traitement endovasculaire d’un patient qui, apr es chirurgie de l’aorte thoracique&#xd;
ascendante pour dissection aigu€e de type A (proc ed e de Bentall), a d evelopp e un faux an evrysme&#xd;
de 12 cm de diam etre de l’aorte ascendante au niveau du tronc brachioc ephalique. Dans un&#xd;
premier temps, un pontage carotido-carotidien extra-anatomique a  et e fait, suivi d’un traitement&#xd;
endovasculaire, excluant la crosse aortique de l’origine des deux art eres coronaires  a l’origine de&#xd;
l’art ere carotide commune gauche, occluant le tronc brachioc ephalique. Pour le placement pr ecis&#xd;
de l’endoproth ese, le dispositif a  et e largu e apr es arr^et cardiaque avec de l’ad enosine.</subfield>
</datafield>
<datafield tag="024" ind2=" " ind1="8">
<subfield code="a">Annals of Vascular Surgery, vol.24, p.696-698</subfield>
</datafield>
<datafield tag="024" ind2=" " ind1="8">
<subfield code="a">1615-5947</subfield>
</datafield>
<datafield tag="024" ind2=" " ind1="8">
<subfield code="a">http://uvadoc.uva.es/handle/10324/3408</subfield>
</datafield>
<datafield tag="024" ind2=" " ind1="8">
<subfield code="a">10.1016/j.acvfr.2010.12.050</subfield>
</datafield>
<datafield tag="024" ind2=" " ind1="8">
<subfield code="a">696</subfield>
</datafield>
<datafield tag="024" ind2=" " ind1="8">
<subfield code="a">698</subfield>
</datafield>
<datafield tag="024" ind2=" " ind1="8">
<subfield code="a">Annals of Vascular Surgery</subfield>
</datafield>
<datafield tag="024" ind2=" " ind1="8">
<subfield code="a">24</subfield>
</datafield>
<datafield ind1=" " ind2=" " tag="653">
<subfield code="a">Cirugía operatoria</subfield>
</datafield>
<datafield ind1=" " ind2=" " tag="653">
<subfield code="a">Cardiovascular, Aparato</subfield>
</datafield>
<datafield tag="245" ind1="0" ind2="0">
<subfield code="a">Techniques chirurgicales : traitement endovasculaire de l'aorte thoracique ascendante</subfield>
</datafield>
</record></metadata></record></GetRecord></OAI-PMH>